Μεσογειακού τύπου οικοσυστήματα : μια προσέγγιση της περιβαλλοντικής εκπαίδευσης : πτυχιακή εργασία

Αποθηκεύτηκε σε:
Λεπτομέρειες βιβλιογραφικής εγγραφής
Κύριος συγγραφέας: Βαμβακά, Νικόλ
Συγγραφή απο Οργανισμό/Αρχή: Πανεπιστήμιο Αιγαίου. Σχολή Περιβάλλοντος. Τμήμα Περιβάλλοντος
Άλλοι συγγραφείς: Κουτσίδου, Ευγενία (Εισηγητής διατριβής)
Μορφή: Thesis Βιβλίο
Γλώσσα:Greek
Δημοσίευση: Μυτιλήνη : Πανεπιστήμιο Αιγαίου, Τμήμα Περιβάλλοντος, 2004
Θέματα:
Διαθέσιμο Online:http://hdl.handle.net/11610/10383
Ετικέτες: Προσθήκη ετικέτας
Δεν υπάρχουν, Καταχωρήστε ετικέτα πρώτοι!

MARC

LEADER 00000cam a2200000 i 4500
001 1/82907
008 050803s2004 gre d
035 |l 10079641 
040 |a GR-MY-UA  |b gre  |e aacr 
041 0 |a gre 
082 0 |a 372.357  |2 (22) 
100 1 |a Βαμβακά, Νικόλ. 
245 1 0 |a Μεσογειακού τύπου οικοσυστήματα :  |b μια προσέγγιση της περιβαλλοντικής εκπαίδευσης : πτυχιακή εργασία /  |c Βαμβακά Νικόλ ; υπεύθυνοι καθηγήτρια Κουτσίδου Ευγενία 
260 |a Μυτιλήνη :   |b Πανεπιστήμιο Αιγαίου, Τμήμα Περιβάλλοντος,   |c 2004 
300 |a 111 σ.;  |b εικ., φωτ.;  |c 30 εκ. 
502 |a Πτυχιακή εργασία – Πανεπιστήμιο Αιγαίου, Λέσβος, 2004. 
504 |a Βιβλιογραφία: σ.90-94 
650 0 0 |a Environmental education  |x Case studies. 
650 0 0 |a Mediterranean-type ecosystems. 
650 0 0 |a Dissertations, Academic  |z Greece. 
700 1 |a Κουτσίδου, Ευγενία.  |4 ths 
710 2 |a Πανεπιστήμιο Αιγαίου.   |b Σχολή Περιβάλλοντος.   |b Τμήμα Περιβάλλοντος. 
852 |a INST  |b LESVOS  |c DIATR  |e 20050803  |h 913  |p 005100031394  |q 005100031394  |t DIE  |y 23 
852 |a INST  |b LESVOS  |c DIATR  |e 20050803  |h 914  |p 005100031393  |q 005100031393  |t DIE  |y 23 
856 |u http://hdl.handle.net/11610/10383 
901 |a BIBL1-2005-2 
909 |a Λ  |b 111877 
909 |a Λ  |b 111878 
924 |a ΒΑΜΒΑΚΑ  |b ΕΥΓΕΝΙΑ  |y ΛΕΣΒΟΣ  |z 2004-10 
970 |a ΜΑΡΙΝΑΤΟΥ  |b ΜΥΡΣΙΝΗ  |z 2005/08/03